Die teuersten Fußballtransfers - Geboren 2003 - Statistiken

Allgemein
  • Dieses Quiz wurde 63 mal gespielt
  • Das Durchschnittsergebnis liegt bei 5 aus 10
Antwortstatistiken
Ablöse (M €) Saison Nationalität Abgebender Verein Aufnehmender Verein Spieler % Korrekt
103,00 2023-2024 England Borussia Dortmund Real Madrid Jude Bellingham
100%
30,15 2020-2021 England Birmingham City Borussia Dortmund Jude Bellingham
100%
73,90 2023--2024 Dänemark Atalanta Bergamo Manchester United Rasmus Højlund
88%
20,00 2022-2023 Dänemark Sturm Graz Atalanta BergamoBC Rasmus Højlund
88%
24,00 2023-2024 Slowenien RB Salzburg RB Leipzig Benjamin Sesko
72%
30,00 2022-2023 Frankreich Olympique Lyon FC Chelsea Malo Gusto
26%
20,00 2023-2024 Brasilien FC São Paulo Paris SG Lucas Beraldo
17%
30,00 2023-2024 Frankreich Montpellier FC Lens Elye Wahi
16%
23,00 2023-2024 England Bristol City Bournemouth Alex Scott
3%
25,00 2023-2024 Ghana Nordsjaelland RWDM Ernest Nuamah
2%
Keine übereinstimmenden Quizze gefunden
Verteilung der Resultate
Anzahl Personen mit jedem Resultat
Perzentil nach korrekt beantworteten Fragen
Ihre Resultats-Entwicklung
Sie haben dieses Quiz noch nicht gespielt